| 000 | 00535nam a22001577a 4500 | ||
|---|---|---|---|
| 003 | SGT | ||
| 020 | _a9788120314924 | ||
| 082 |
_a621.3 _bSEN |
||
| 100 | _aDE,N.K | ||
| 245 | _aELECTRICAL DRIVES | ||
| 260 |
_aNEW DELHI _bPHI _c2014 |
||
| 300 | _a314 | ||
| 650 | _aELECTRICAL ENGINEERING | ||
| 653 | _aSPEED-TORQUE CHARACTERISTICS OF MOTORS, SPEED CONTROL OF DC MOTORS,SPEED CONTROL OF AC MOTORS HEATING AND POWER PATING OF DRIVE MOTORS, TRANSIENTS AND DYNAMICS,MOTOR STARTERS AND CONTROLLERS, INDUSTRIAL APPLICATIONS | ||
| 942 |
_2ddc _cBK |
||
| 999 |
_c8221 _d8221 |
||